A politikai művészet szerepének megváltozása és hatása mindennapjainkra

Bibliographic Details
Main Author: Válenti Kata
Other Authors: Vándor Dr. János
Format: Thesis
Kulcsszavak:Politika
Propaganda
Esztétika
Művészet
Kritika
Online Access:http://dolgozattar.uni-bge.hu/16303

MARC

LEADER 00000nta a2200000 i 4500
001 dolg16303
005 20200318124459.0
008 180514suuuu hu om 000 hun d
040 |a BGE Dolgozattár Repozitórium  |b hun 
041 |a hu 
100 1 |a Válenti Kata 
245 1 2 |a A politikai művészet szerepének megváltozása és hatása mindennapjainkra  |c Válenti Kata  |h [elektronikus dokumentum] 
246 1 1 |a A politikai művészet szerepének megváltozása és hatása mindennapjainkra 
695 |a Politika 
695 |a Propaganda 
695 |a Esztétika 
695 |a Művészet 
695 |a Kritika 
700 1 |a Vándor Dr. János  |e ths 
856 4 0 |u http://dolgozattar.uni-bge.hu/16303/1/A%20Politikai%20M%C5%B1v%C3%A9szet%20hat%C3%A1sa%20mindennapjainkra.pdf  |z Dokumentum-elérés